00817nas a2200229Ia 4500001001100000003000900011008004100020040001300061040001300074041001300087100004400100210002000144222002000164245010400184250001100288260002800299501008600327300001800413362004500431500007500476650003600551R012/42584IT-RoPAU151124c99999999xx |||||||||||| ||und|| aIT-RoPAU cIT-RoPAU aITALIANO aCosta AntoniogCodice Aut. SPICS: 7766 aCINEMA & CINEMA aCinema & Cinema aCINEMA & CINEMA, ANNO 05-N.16/17 (LUGLIO-DICEMBRE 1978)bEros E Malinconia: la "Camera" di Truffaut a1a ed. aVENEZIAbMARSILIOc1978 bPaulus - SPICS - Società San Paolo EM (non-commercial uses only)cCopyright2015 a10 p. [14-23] aANNO 005, N.16/17 (LUGLIO-DICEMBRE 1978) aNote Critiche Sul Cinema di Francois Truffaut e i Suoi Temi Preferiti. aCINEMAvPUBBLICAZIONE PERIODICA